000 00809nam a2200265 i 4500
001 C2-0305729
003 PPAK
005 20180728091101.0
008 100901s2010 my a|||| ||||| | may d
020 _a9789675161667
040 _aPPAK
_beng
_cPPAK
_erda
082 0 4 _a303.4
_223
090 0 0 _a303.4
_bKON
_dK
245 0 0 _aKonflik berdarah yang berterusan
264 1 _aRawang, Selangor :
_bPustaka Minda Aktif ,
_c2010
300 _a44 pages :
_billustrations ;
_c26 cm
336 _2rdacontent
_atext
337 _2rdamedia
_aunmediated
338 _2rdacarrier
_avolume
490 1 _aSiri menempuh cabaran global
650 1 0 _aWar - Juvenile literature. ; War and society - Juvenile literature.
700 0 _aAfzan Ayub,
_ecompile
830 0 _aSiri menempuh cabaran global
942 _ddc
_cB
999 _c108720
_d108720